Ana Kelly (Record no. 44883)

MARC details
000 -Etiqueta do registo
Valores 00755nam a2200241 4500
010 ## - Número ISBN
ISBN 9789895557714
021 ## - Número do Depósito Legal
Número 328902/11
100 ## - Dados gerais de processamento
Dados gerais 20111229d2011 m y0pory5003 ba
101 0# - Língua de publicação
Língua por
102 ## - País de publicação
País PT
200 1# - Titulo e menção de responsabilidade
Título próprio Ana Kelly
Informação de outro título uma saga de amor e coragem
Primeira menção de responsabilidade Ângela Leite
Outras menções de responsabilidade [pref. Pedro Calheiro]
-- rev. Silvina de Sousa
205 ## - Menção da edição
Edição 1.ª ed.
210 #9 - Publicação
Local de publicação Alfragide
Nome do editor Oficina do Livro,
Data de publicação 2011
215 ## - Descrição física 
Paginação / Volumes 298 p.
Dimensões 24 cm
675 ## - CDU
Notação 821.134.3-31"20"
Edição BN
Língua por
700 #1 - Autor principal
Apelido Leite,
Nome Ângela
702 #1 - Autor secundário
Apelido Calheiros,
Nome Pedro,
Datas 1949-
Função 080
702 #1 - Autor secundário
Apelido Sousa,
Nome Silvina de
Função 675
801 #0 - Fonte de origem
País PT
Agência BN
Regras de catalogação RPC
856 41 - Localização e acesso electrónico 
URL <a href="http://rnod.bnportugal.gov.pt/ImagesBN/winlibimg.aspx?skey=&doc=1799137&img=4029&save=true">http://rnod.bnportugal.gov.pt/ImagesBN/winlibimg.aspx?skey=&doc=1799137&img=4029&save=true</a>
990 ## - Elementos KOHA
Tipo de documento Livro
Holdings
Aquisição Empréstimo Código de barras Cota Permissão de empréstimo Tipo de documento
Biblioteca Escolar Doutor Hernâni Cidade Biblioteca Escolar Doutor Hernâni Cidade 81017 82-31 LEI ROMANCE   Livro

Powered by Koha